000 00267nam a2200133Ia 4500
100 _aNarayanan/S
942 _cBK
245 _aDynamics
260 _bS.Chand and Co.
_aNew Dellhi
_c1982
082 _a531.3
_bNAR
300 _a315
546 _aENGLISH
999 _c25450
_d25450